Programas prácticos en Pascal: basado en el libro programas prácticos en BASIC

Kaydedildi:
Detaylı Bibliyografya
Yazar: Davidson, Gregory (Yazar)
Materyal Türü: Kitap
Dil:İspanyolca
Baskı/Yayın Bilgisi: Madrid Osborne: McGraw-Hill 1983
Konular:
Etiketler: Etiketle
Etiket eklenmemiş, İlk siz ekleyin!

MARC

LEADER 00000nam a2200000 a 4500
001 UCV4980
003 CL-VaPUC
008 911209e19830000SP |||||||||||||||||spa|d
082 0 4 |a 005.133  |b DAV  |2 21 
100 0 |a Davidson, Gregory  |e author  |9 299184 
245 1 0 |a Programas prácticos en Pascal: basado en el libro programas prácticos en BASIC 
300 |a 205 p 
942 |c BK 
945 |d 19911209 00:00:00 
260 |a Madrid  |b Osborne: McGraw-Hill  |c 1983 
650 7 |a PASCAL  |2 CL-VaPUC  |9 260074 
650 0 |a Lenguajes de programación   |9 259458 
650 0 |a Programación de computadores   |9 259531 
583 |a last modification  |c 20150417 17:44:58  |k Rodrigo Vera 
999 |c 211593  |d 211591 
952 |0 0  |1 0  |4 0  |6 005_133000000000000_DAV_1983  |7 0  |8 A  |9 191279  |a BIBGIM  |b BIBGIM  |d 2019-11-14  |i 1414178  |o 005.133 DAV 1983  |p 1414178  |r 2025-01-15  |w 2019-11-14  |y BK  |k COM